[Event "Boeblingen op 22nd"]
[Site "Boeblingen"]
[Date "2005.12.29"]
[Round "7"]
[White "Brustman, Agnieszka"]
[Black "Michalczak, Thomas"]
[Result "1-0"]
[WhiteElo "2330"]
[BlackElo "2386"]
[PlyCount "123"]
[EventDate "2005.12.26"]
[EventType "swiss"]
[EventRounds "9"]
[EventCountry "GER"]
[SourceTitle "CBM 110 Extra"]
[Source "ChessBase"]
[SourceDate "2006.03.10"]
[SourceVersion "2"]
[SourceVersionDate "2006.03.10"]
[SourceQuality "1"]

1. e4 e5 2. Nf3 Nc6 3. Bb5 a6 4. Ba4 Nf6 5. 0-0 Be7 6. Re1 b5 7. Bb3 0-0 8. h3 Bb7 9. d3 d6 10. c3 Na5 11. Bc2 c5 12. Nbd2 Qc7 13. Nf1 Nc6 14. Ng3 Rfe8 15. Nf5 Bf8 16. Bg5 Nd7 17. Nh2 h6 18. Bd2 Ne7 19. Qg4 Nxf5 20. Qxf5 Re6 21. Ng4 Nf6 22. Ne3 Rd8 23. c4 g6 24. Qf3 Bg7 25. a3 Ree8 26. Rac1 Qe7 27. b4 Kh7 28. a4 Bc6 29. Ra1 bxc4 30. dxc4 Qb7 31. Nd5 Bxd5 32. cxd5 cxb4 33. a5 Rc8 34. Ba4 Rf8 35. Rab1 Rc4 36. Bc6 Qc7 37. Rxb4 Qxa5 38. Rxc4 Qxd2 39. Qe2 Qg5 40. Qe3 Qh5 41. Ra4 g5 42. Rxa6 Rg8 43. Ba4 Bf8 44. Bd1 Qg6 45. Bg4 Nxg4 46. hxg4 Kg7 47. Qf3 Rh8 48. Ra7 h5 49. Qf5 hxg4 50. Qxg6+ Kxg6 51. Rb1 f5 52. exf5+ Kxf5 53. Rb8 Kf6 54. Rd7 e4 55. Rxd6+ Bxd6 56. Rxh8 g3 57. fxg3 Ke5 58. Rg8 Be7 59. Re8 Kd6 60. Kf2 Kd7 61. Rxe7+ Kxe7 62. Ke3 1-0

[Event "Stuttgart-chA int"]
[Site "Ditzingen"]
[Date "2005.05.08"]
[Round "7"]
[White "Michna, Christian"]
[Black "Brustman, Agnieszka"]
[Result "0-1"]
[WhiteElo "2242"]
[BlackElo "2333"]
[PlyCount "80"]
[EventDate "2005.05.05"]
[EventType "swiss"]
[EventRounds "7"]
[EventCountry "GER"]
[SourceTitle "EXT 2018"]
[Source "ChessBase"]
[SourceDate "2017.10.13"]
[SourceVersion "1"]
[SourceVersionDate "2017.10.13"]
[SourceQuality "1"]

1. e4 e6 2. d4 d5 3. e5 c5 4. c3 Qb6 5. Nf3 Bd7 6. a3 cxd4 7. cxd4 Bb5 8. Bxb5+ Qxb5 9. Nc3 Qa6 10. Ne2 Bb4+ 11. Bd2 Bxd2+ 12. Qxd2 Ne7 13. 0-0 0-0 14. Ng3 Nd7 15. Nh5 Ng6 16. Ne1 Qb6 17. Kh1 Rac8 18. f4 Rc4 19. Rd1 Ne7 20. Rf3 Nf5 21. Rd3 Rfc8 22. Kg1 h6 23. g4 Ne7 24. b3 R4c6 25. Rh3 Qc7 26. Nf6+ Nxf6 27. exf6 Ng6 28. Rf3 Rc1 29. f5 Rxd1 30. Qxd1 exf5 31. gxf5 Nh4 32. Rg3 g6 33. Qg4 Nxf5 34. Rg2 Qc1 35. Re2 h5 36. Qh3 Qd1 37. Qf3 Qxd4+ 38. Kh1 Qxf6 39. Rg2 Rc1 40. Rg1 Qc6 0-1

[Event "Stuttgart-chA int"]
[Site "Ditzingen"]
[Date "2005.05.07"]
[Round "6"]
[White "Brustman, Agnieszka"]
[Black "Barthel, Ansgar"]
[Result "1-0"]
[WhiteElo "2333"]
[BlackElo "2201"]
[PlyCount "119"]
[EventDate "2005.05.05"]
[EventType "swiss"]
[EventRounds "7"]
[EventCountry "GER"]
[SourceTitle "EXT 2018"]
[Source "ChessBase"]
[SourceDate "2017.10.13"]
[SourceVersion "1"]
[SourceVersionDate "2017.10.13"]
[SourceQuality "1"]

1. e4 Nf6 2. e5 Nd5 3. d4 d6 4. c4 Nb6 5. exd6 cxd6 6. Nc3 g6 7. Be3 Bg7 8. Rc1 0-0 9. Be2 Bf5 10. d5 e5 11. dxe6 Bxe6 12. Bf3 Nc6 13. b3 Ne5 14. Be4 Qd7 15. Nge2 f5 16. Bd5 Nxd5 17. Nxd5 Bxd5 18. Qxd5+ Qf7 19. Rd1 Rfe8 20. h3 Qxd5 21. Rxd5 Nc6 22. 0-0 Bh6 23. Bxh6 Rxe2 24. Rxd6 Ne5 25. Bf4 Re8 26. Bxe5 R8xe5 27. Rd7 Re7 28. Rfd1 Kf7 29. R1d2 Rxd2 30. Rxd2 Re1+ 31. Kh2 Ke6 32. Kg3 a5 33. Rd5 a4 34. Rb5 Ra1 35. Rb6+ Ke5 36. Rxb7 Rxa2 37. b4 Rb2 38. b5 a3 39. Rxh7 Rb3+ 40. f3 f4+ 41. Kh4 Rb2 42. Ra7 a2 43. g4 fxg3 44. Kxg3 Kd4 45. b6 Kxc4 46. b7 Rxb7 47. Rxa2 Kd4 48. Re2 Rb1 49. Kf4 Rh1 50. Rd2+ Kc3 51. Rg2 Rxh3 52. Rxg6 Kd3 53. Kg4 Rh1 54. Re6 Kd4 55. f4 Kd5 56. Re8 Kd6 57. Kg5 Kd7 58. Re2 Ra1 59. f5 Ra6 60. f6 1-0

[Event "Stuttgart-chA int"]
[Site "Ditzingen"]
[Date "2005.05.05"]
[Round "2"]
[White "Brustman, Agnieszka"]
[Black "Schnepel, Thomas"]
[Result "1-0"]
[WhiteElo "2333"]
[BlackElo "1977"]
[PlyCount "97"]
[EventDate "2005.05.05"]
[EventType "swiss"]
[EventRounds "7"]
[EventCountry "GER"]
[SourceTitle "EXT 2018"]
[Source "ChessBase"]
[SourceDate "2017.10.13"]
[SourceVersion "1"]
[SourceVersionDate "2017.10.13"]
[SourceQuality "1"]

1. e4 c5 2. Nf3 Nc6 3. d4 cxd4 4. Nxd4 Nf6 5. Nc3 e5 6. Ndb5 d6 7. Bg5 a6 8. Bxf6 gxf6 9. Na3 b5 10. Nd5 f5 11. Bd3 Be6 12. 0-0 Bxd5 13. exd5 Ne7 14. c3 Bg7 15. Qh5 e4 16. Bc2 Qd7 17. Rae1 Rc8 18. Nb1 b4 19. Kh1 bxc3 20. bxc3 Bxc3 21. Nxc3 Rxc3 22. Bb1 Ng6 23. Qh6 Qe7 24. f3 e3 25. Bxf5 Qe5 26. Be4 f5 27. Bb1 Qf4 28. Qg7 Qe5 29. Qxe5+ Nxe5 30. Bxf5 0-0 31. g4 Nd3 32. Bxd3 Rxd3 33. Re2 Kg7 34. Kg2 Re8 35. Rfe1 Rxd5 36. Rxe3 Rd2+ 37. Kg3 Rxe3 38. Rxe3 Rxa2 39. Rd3 a5 40. Rxd6 a4 41. Ra6 a3 42. h4 Ra1 43. Kf4 a2 44. h5 h6 45. Kf5 Rf1 46. Ra7+ Kf8 47. Rxa2 Rxf3+ 48. Kg6 Rf4 49. Rg2 1-0

[Event "Cappelle op 21st"]
[Site "Cappelle la Grande"]
[Date "2005.02.13"]
[Round "2"]
[White "Soulages, Laurent"]
[Black "Brustman, Agnieszka"]
[Result "0-1"]
[WhiteElo "2131"]
[BlackElo "2334"]
[PlyCount "66"]
[EventDate "2005.02.12"]
[EventType "swiss"]
[EventRounds "9"]
[EventCountry "FRA"]
[SourceTitle "EXT 2006"]
[Source "ChessBase"]
[SourceDate "2005.11.24"]
[SourceVersion "1"]
[SourceVersionDate "2005.11.24"]
[SourceQuality "1"]

1. Nf3 Nf6 2. c4 g6 3. Nc3 Bg7 4. e4 d6 5. d4 0-0 6. Be2 e5 7. 0-0 Nc6 8. d5 Ne7 9. b4 Nh5 10. Re1 f5 11. Ng5 Nf6 12. Bf3 c6 13. Bb2 h6 14. Ne6 Bxe6 15. dxe6 fxe4 16. Nxe4 Nxe4 17. Rxe4 Nf5 18. Re2 Rf6 19. b5 Rc8 20. bxc6 bxc6 21. Qa4 Qc7 22. c5 Rxe6 23. cxd6 Qxd6 24. Qxa7 Nd4 25. Bxd4 exd4 26. Rxe6 Qxe6 27. Qc5 Kh7 28. h4 h5 29. a4 d3 30. Rd1 d2 31. g3 Rf8 32. Kg2 Rxf3 33. Rxd2 Qe4 0-1

[Event "Boeblingen op 21st"]
[Site "Boeblingen"]
[Date "2004.12.30"]
[Round "8"]
[White "Schaefer, Michael"]
[Black "Brustman, Agnieszka"]
[Result "0-1"]
[WhiteElo "2192"]
[BlackElo "2334"]
[PlyCount "52"]
[EventDate "2004.12.26"]
[EventType "swiss"]
[EventRounds "9"]
[EventCountry "GER"]
[SourceTitle "CBM 104 Extra"]
[Source "ChessBase"]
[SourceDate "2005.03.01"]
[SourceVersion "1"]
[SourceVersionDate "2005.03.01"]
[SourceQuality "1"]

1. e4 e6 2. d4 d5 3. e5 c5 4. c3 Bd7 5. Nf3 Qb6 6. Be2 cxd4 7. Nxd4 Nc6 8. Nxc6 bxc6 9. 0-0 Ne7 10. Kh1 Ng6 11. f4 Bc5 12. Bd3 Rb8 13. Rf3 a5 14. Qe2 a4 15. Nd2 Nh4 16. Rh3 Nf5 17. g4 Ne7 18. Nf3 h6 19. Ng5 Qb7 20. f5 Ba7 21. f6 gxf6 22. exf6 Ng8 23. Bg6 fxg6 24. Qe5 Nxf6 25. Nxe6 Bxe6 26. Qxf6 Qf7 0-1

[Event "Cappelle op 20th"]
[Site "Cappelle la Grande"]
[Date "2004.03.01"]
[Round "3"]
[White "Gyimesi, Zoltan"]
[Black "Brustman, Agnieszka"]
[Result "1-0"]
[WhiteElo "2553"]
[BlackElo "2360"]
[PlyCount "85"]
[EventDate "2004.02.28"]
[EventType "swiss"]
[EventRounds "9"]
[EventCountry "FRA"]
[SourceTitle "CBM 099 Extra"]
[Source "ChessBase"]
[SourceDate "2004.05.04"]
[SourceVersion "1"]
[SourceVersionDate "2004.05.04"]
[SourceQuality "1"]

1. d4 Nf6 2. c4 g6 3. Nc3 Bg7 4. e4 d6 5. Nf3 0-0 6. Be2 e5 7. 0-0 Nc6 8. d5 Ne7 9. b4 Nh5 10. Re1 f5 11. Ng5 Nf6 12. f3 Nh5 13. c5 Nf4 14. Bc4 Kh8 15. Rb1 fxe4 16. Ngxe4 Nf5 17. g3 Nh3+ 18. Kg2 Nd4 19. Rf1 g5 20. Ne2 Nxe2 21. Qxe2 Rg8 22. c6 b6 23. Ba6 h6 24. Nc3 Bf6 25. Nd1 Nf4+ 26. gxf4 gxf4+ 27. Kh1 Bh3 28. Nc3 Qe7 29. Bd2 Bg2+ 30. Qxg2 Rxg2 31. Kxg2 Qf7 32. Kh1 Qh5 33. Ne4 Bh4 34. Be1 Rg8 35. Bxh4 Qxh4 36. Rg1 Rf8 37. Rg4 Qh3 38. Be2 Qh5 39. Rbg1 Qf7 40. Rh4 Qh7 41. Bd3 Rg8 42. Ng5 Qxd3 43. Nf7+ 1-0

[Event "POL-chT 1st League"]
[Site "Ustron"]
[Date "2003.09.14"]
[Round "9"]
[White "Kupczyk, Edyta"]
[Black "Brustman, Agnieszka"]
[Result "0-1"]
[WhiteElo "2135"]
[BlackElo "2375"]
[PlyCount "87"]
[EventDate "2003.09.06"]
[EventType "team-tourn"]
[EventRounds "9"]
[EventCountry "POL"]
[SourceTitle "EXT 2005"]
[Source "ChessBase"]
[SourceDate "2004.11.15"]
[SourceVersion "1"]
[SourceVersionDate "2004.11.15"]
[SourceQuality "1"]
[WhiteTeam "Szopienice HetMaN"]
[BlackTeam "Warszawa Damis"]
[WhiteTeamCountry "POL"]
[BlackTeamCountry "POL"]

1. e4 e6 2. d4 d5 3. Nd2 c5 4. exd5 exd5 5. dxc5 Bxc5 6. Nb3 Bd6 7. Nf3 Nc6 8. c3 Nge7 9. Be2 0-0 10. 0-0 Qc7 11. Nbd4 Nxd4 12. Qxd4 Bf5 13. Bg5 Be4 14. Bxe7 Bxe7 15. Qd2 Bd6 16. g3 Rad8 17. Nd4 a6 18. a4 Rfe8 19. Bd1 Bc5 20. f3 Bf5 21. Kg2 Bg6 22. Bb3 h5 23. Rae1 Rxe1 24. Rxe1 Qb6 25. Bd1 Bxd4 26. cxd4 Rc8 27. Re5 h4 28. Rxd5 h3+ 29. Kf2 Qf6 30. Re5 Rd8 31. Ke3 Bb1 32. Bc2 Qh6+ 33. f4 Bxc2 34. Qxc2 Qb6 35. Qc4 Qg6 36. Qd3 Qc6 37. d5 Qc5+ 38. Qd4 Qc1+ 39. Qd2 Qg1+ 40. Qf2 Qd1 41. Qd2 Qxa4 42. d6 Qb3+ 43. Ke4 Qc4+ 44. Qd4 0-1

[Event "World op 31st"]
[Site "Philadelphia"]
[Date "2003.07.04"]
[Round "5"]
[White "Brustman, Agnieszka"]
[Black "Dean, Jim H"]
[Result "1/2-1/2"]
[WhiteElo "2354"]
[BlackElo "2223"]
[PlyCount "89"]
[EventDate "2003.06.30"]
[EventType "swiss"]
[EventRounds "9"]
[EventCountry "USA"]
[SourceTitle "EXT 2004"]
[Source "ChessBase"]
[SourceDate "2003.11.25"]
[SourceVersion "1"]
[SourceVersionDate "2003.11.25"]
[SourceQuality "1"]

1. e4 c6 2. d4 d5 3. Nc3 dxe4 4. Nxe4 Nf6 5. Ng3 h5 6. h3 h4 7. N3e2 Bf5 8. Nf3 Ne4 9. Nf4 e6 10. c3 Nd7 11. Bd3 Qc7 12. Qe2 Ndf6 13. Ng5 Nxg5 14. Bxf5 0-0-0 15. Bc2 Bd6 16. Ng6 fxg6 17. Bxg5 e5 18. 0-0-0 Kb8 19. dxe5 Bxe5 20. Kb1 Bf4 21. Bxf4 Qxf4 22. Rhe1 Rhe8 23. Rxd8+ Rxd8 24. Rd1 Rxd1+ 25. Qxd1 Nd5 26. Qe2 g5 27. a3 a6 28. Bb3 Qf5+ 29. Ka2 Nf4 30. Qe8+ Ka7 31. Qe3+ Kb8 32. Qf3 Qe5 33. Bc2 Kc7 34. Be4 Qe6+ 35. Ka1 Qc4 36. Qe3 Qf1+ 37. Ka2 Nxg2 38. Bxg2 Qxg2 39. Qe5+ Kb6 40. Qd4+ Kc7 41. Qxg7+ Kb6 42. Qd4+ Kc7 43. Qe5+ Kb6 44. Qd4+ Kc7 45. Qe5+ 1/2-1/2

[Event "Neckar op-A 7th"]
[Site "Deizisau"]
[Date "2003.04.19"]
[Round "5"]
[White "Brustman, Agnieszka"]
[Black "Buhmann, Rainer"]
[Result "0-1"]
[WhiteElo "2357"]
[BlackElo "2525"]
[PlyCount "100"]
[EventDate "2003.04.18"]
[EventType "swiss"]
[EventRounds "9"]
[EventCountry "GER"]
[SourceTitle "CBM 093 Extra"]
[Source "ChessBase"]
[SourceDate "2003.05.09"]
[SourceVersion "1"]
[SourceVersionDate "2003.05.09"]
[SourceQuality "1"]

1. e4 e6 2. d4 d5 3. Nc3 Nf6 4. e5 Nfd7 5. f4 c5 6. Nf3 Nc6 7. Be3 cxd4 8. Nxd4 Bc5 9. Qd2 0-0 10. 0-0-0 a6 11. h4 Nxd4 12. Bxd4 b5 13. Qe3 Qc7 14. Bd3 Bxd4 15. Qxd4 Qc5 16. Ne2 b4 17. Kb1 a5 18. h5 Ba6 19. h6 g6 20. g4 Qxd4 21. Nxd4 g5 22. f5 Bxd3 23. cxd3 exf5 24. e6 fxe6 25. Nxe6 fxg4 26. Nxf8 Rxf8 27. Rc1 Kf7 28. Rc7 Ke6 29. Rg1 Rf4 30. Ra7 Nf6 31. Rxa5 Kf5 32. a4 bxa3 33. bxa3 Kg6 34. a4 Kxh6 35. Ra8 Kg6 36. a5 h5 37. Kc2 h4 38. Ra1 g3 39. a6 g2 40. a7 Rf1 41. Rg8+ Nxg8 42. a8Q Nf6 43. Ra6 g1Q 44. Qe8+ Kf5 45. Qe6+ Kf4 46. Qxf6+ Kg4 47. Qe6+ Kg3 48. Ra3 Qc5+ 49. Kb2 Qb4+ 50. Rb3 Qd2+ 0-1

[Event "Neckar op-A 7th"]
[Site "Deizisau"]
[Date "2003.04.18"]
[Round "3"]
[White "Brustman, Agnieszka"]
[Black "Gustafsson, Jan"]
[Result "1-0"]
[WhiteElo "2357"]
[BlackElo "2566"]
[PlyCount "155"]
[EventDate "2003.04.18"]
[EventType "swiss"]
[EventRounds "9"]
[EventCountry "GER"]
[SourceTitle "CBM 093 Extra"]
[Source "ChessBase"]
[SourceDate "2003.05.09"]
[SourceVersion "1"]
[SourceVersionDate "2003.05.09"]
[SourceQuality "1"]

1. e4 c6 2. d4 d5 3. Nc3 dxe4 4. Nxe4 Bf5 5. Ng3 Bg6 6. h4 h6 7. f4 e6 8. h5 Bh7 9. Nf3 Nf6 10. Bd3 Bxd3 11. Qxd3 Nbd7 12. Bd2 Qc7 13. Qe2 Bd6 14. Ne5 0-0 15. Ne4 Nxe4 16. Qxe4 Nf6 17. Qe2 c5 18. dxc5 Qxc5 19. 0-0-0 Rac8 20. c3 Rfd8 21. Kb1 Nd7 22. Be3 Qc7 23. Bd4 Nxe5 24. fxe5 Bc5 25. Rd2 Bxd4 26. cxd4 Rd7 27. g4 Qd8 28. Qe3 Rc4 29. Rhd1 Rd5 30. Qf4 a5 31. Rd3 a4 32. Rf1 Rd7 33. Rfd1 b5 34. Qd2 Rd5 35. a3 Qh4 36. Qf4 Qe7 37. Qd2 Qd8 38. Ka1 Qh4 39. Qf4 Qe7 40. Qd2 b4 41. axb4 Rxb4 42. Rc1 Rb3 43. Rc8+ Rd8 44. Rdc3 Rb8 45. R3c7 Qf8 46. Rxb8 Rxb8 47. Qc3 Qd8 48. Qc5 Ra8 49. Ka2 Qb8 50. Qc4 Qf8 51. d5 exd5 52. Qxd5 a3 53. b3 Rb8 54. Qd6 Qe8 55. Qe7 Qxe7 56. Rxe7 Ra8 57. e6 fxe6 58. Rxe6 Kf7 59. Re4 Kf6 60. Ra4 Rb8 61. Ra6+ Ke5 62. Kxa3 Rb7 63. b4 Kd5 64. Kb3 Kd4 65. Rd6+ Ke5 66. Rg6 Kd4 67. g5 hxg5 68. Rxg5 Ra7 69. b5 Ra1 70. Kb4 Rb1+ 71. Ka5 Kc4 72. Kb6 Rf1 73. Ka6 Ra1+ 74. Kb7 Ra5 75. Kc6 Ra8 76. Rg4+ Kd3 77. Rxg7 Rh8 78. b6 1-0

[Event "Wichern op 6th"]
[Site "Hamburg"]
[Date "2001.10.16"]
[Round "4.3"]
[White "Brustman, Agnieszka"]
[Black "Lugovoi, Aleksei"]
[Result "0-1"]
[WhiteElo "2349"]
[BlackElo "2485"]
[PlyCount "80"]
[EventDate "2001.10.21"]
[EventType "swiss"]
[EventRounds "9"]
[EventCountry "GER"]
[SourceTitle "EXT 2002"]
[Source "ChessBase"]
[SourceDate "2001.11.25"]
[SourceVersion "1"]
[SourceVersionDate "2001.11.25"]
[SourceQuality "1"]

1. e4 d6 2. d4 Nf6 3. Bd3 e5 4. c3 Nc6 5. Nf3 g6 6. h3 Bg7 7. 0-0 0-0 8. Re1 Nh5 9. dxe5 Nxe5 10. Bc2 Nxf3+ 11. Qxf3 f5 12. Be3 fxe4 13. Qxe4 d5 14. Qa4 c6 15. Nd2 a5 16. Rad1 b5 17. Qa3 Qh4 18. Qd6 Bb7 19. Qe6+ Kh8 20. Nf3 Qf6 21. Bc5 Rfd8 22. Nd4 Nf4 23. Qg4 h5 24. Qg3 Re8 25. Kh1 Bf8 26. Rxe8 Rxe8 27. Bxf8 Rxf8 28. Nf3 c5 29. Nh4 g5 30. Nf3 Rg8 31. Nh2 d4 32. f3 Rd8 33. Qf2 d3 34. Bb1 c4 35. Qc5 Bc6 36. Qa7 Re8 37. b3 Qxc3 38. bxc4 Re1+ 39. Nf1 Rxd1 40. Qb8+ Kh7 0-1

[Event "Essen op"]
[Site "Essen Borbeck"]
[Date "2001.04.14"]
[Round "6"]
[White "Curic, Drazen"]
[Black "Brustman, Agnieszka"]
[Result "0-1"]
[WhiteElo "2218"]
[BlackElo "2347"]
[PlyCount "78"]
[EventDate "2001.04.11"]
[EventType "swiss"]
[EventRounds "9"]
[EventCountry "GER"]
[SourceTitle "CBM 081 Extra"]
[Source "ChessBase"]
[SourceDate "2001.05.06"]
[SourceVersion "1"]
[SourceVersionDate "2001.05.06"]
[SourceQuality "1"]

1. d4 Nf6 2. c4 g6 3. Nc3 Bg7 4. e4 d6 5. Nf3 0-0 6. Be2 e5 7. Be3 Ng4 8. Bg5 f6 9. Bc1 Nc6 10. d5 Ne7 11. 0-0 Nh6 12. b4 Nf7 13. c5 f5 14. Nd2 a5 15. bxa5 Rxa5 16. cxd6 cxd6 17. Nc4 Ra8 18. Be3 fxe4 19. Bb6 Qd7 20. Nxe4 Nf5 21. Qb3 Qe7 22. Qb4 Nd4 23. Bd1 Bf5 24. Ncd2 Bxe4 25. Nxe4 Qh4 26. f4 Nf5 27. g3 Qe7 28. Rc1 Rac8 29. Bf3 exf4 30. gxf4 Nh4 31. Bg4 Nf5 32. Rce1 Qh4 33. h3 Rc2 34. Bf2 Rxf2 35. Nxf2 Qg3+ 36. Kh1 Bc3 37. Ne4 Bxb4 38. Nxg3 Nxg3+ 39. Kg2 Nxf1 0-1

[Event "Rilton Cup 29th"]
[Site "Stockholm"]
[Date "2000.01.02"]
[Round "5"]
[White "Brustman, Agnieszka"]
[Black "Volzhin, Alexander"]
[Result "0-1"]
[WhiteElo "2383"]
[BlackElo "2569"]
[PlyCount "71"]
[EventDate "1999.12.27"]
[EventType "swiss"]
[EventRounds "9"]
[EventCountry "SWE"]
[SourceTitle "CBM 074 Extra"]
[Source "ChessBase"]
[SourceDate "2000.03.10"]
[SourceVersion "2"]
[SourceVersionDate "2000.03.10"]
[SourceQuality "1"]

1. e4 c6 2. d4 d5 3. Nc3 dxe4 4. Nxe4 Bf5 5. Ng3 Bg6 6. h4 h6 7. f4 e6 8. h5 Bh7 9. Nf3 Nd7 10. Bd3 Bxd3 11. Qxd3 Qc7 12. Bd2 Ngf6 13. 0-0-0 c5 14. dxc5 Bxc5 15. Ne4 0-0-0 16. Kb1 Ne5 17. fxe5 Rxd3 18. cxd3 Nxe4 19. dxe4 Kb8 20. Rc1 Qc6 21. Ka1 Qb5 22. a3 Rd8 23. Rc2 b6 24. Rhc1 Qd3 25. Rc4 Rd7 26. Be1 Kb7 27. Ka2 Be7 28. R1c3 Qf1 29. Rc2 Qh1 30. Bf2 Qxg2 31. Bxb6 Qxf3 32. Bg1 Qxh5 33. R2c3 Bd8 34. Rb3+ Bb6 35. a4 Qxe5 36. Bc5 0-1

[Event "Wichern op 5th"]
[Site "Hamburg"]
[Date "1999.10.20"]
[Round "7.42"]
[White "Lohou, Stephane"]
[Black "Brustman, Agnieszka"]
[Result "0-1"]
[WhiteElo "2165"]
[BlackElo "2383"]
[PlyCount "90"]
[EventDate "1999.10.15"]
[EventType "swiss"]
[EventRounds "9"]
[EventCountry "GER"]
[SourceTitle "EXT 2001"]
[Source "ChessBase"]
[SourceDate "2000.11.22"]
[SourceVersion "1"]
[SourceVersionDate "2000.11.22"]
[SourceQuality "1"]

1. e4 e6 2. d4 d5 3. Nc3 Bb4 4. e5 c5 5. a3 Bxc3+ 6. bxc3 Ne7 7. Qg4 0-0 8. Bd3 Qa5 9. Bd2 Nbc6 10. Nf3 f5 11. exf6 Rxf6 12. Qh5 g6 13. Qg5 Rf7 14. 0-0 c4 15. Be2 Qa4 16. Bd1 Bd7 17. g4 Re8 18. Qh6 Qa5 19. Re1 Nc8 20. Qh3 Nd6 21. Qg3 Ne4 22. Rxe4 dxe4 23. Ng5 Rff8 24. Qh4 Re7 25. Nxe4 e5 26. Bh6 exd4 27. Bxf8 Rxe4 28. Bf3 Rf4 29. Bb4 Nxb4 30. cxb4 Qb5 31. a4 Qe5 32. Qd8+ Rf8 33. Qxd7 Rxf3 34. Qxb7 Rf4 35. Qc8+ Kg7 36. h3 d3 37. Rf1 dxc2 38. Qd7+ Rf7 39. Qd2 Qe4 40. Re1 Qd3 41. Qc1 c3 42. Qa3 Qd2 43. Rc1 Qxf2+ 44. Kh1 Qf3+ 45. Kg1 Qg3+ 0-1

[Event "Wichern op 5th"]
[Site "Hamburg"]
[Date "1999.10.15"]
[Round "1.50"]
[White "Bigalke, Andre"]
[Black "Brustman, Agnieszka"]
[Result "1/2-1/2"]
[WhiteElo "1965"]
[BlackElo "2383"]
[PlyCount "165"]
[EventDate "1999.10.15"]
[EventType "swiss"]
[EventRounds "9"]
[EventCountry "GER"]
[SourceTitle "EXT 2001"]
[Source "ChessBase"]
[SourceDate "2000.11.22"]
[SourceVersion "1"]
[SourceVersionDate "2000.11.22"]
[SourceQuality "1"]

1. b4 c6 2. c4 d5 3. e3 a5 4. b5 cxb5 5. cxb5 e6 6. Bb2 Nf6 7. Nf3 Nbd7 8. a4 Bd6 9. d4 Bb4+ 10. Nbd2 Qe7 11. Bd3 0-0 12. 0-0 Nb6 13. Qb3 Bd7 14. Rfc1 Qd6 15. h3 Rfd8 16. Rc2 Be8 17. Rac1 Bd7 18. Qa2 Rdc8 19. Qb3 Rxc2 20. Rxc2 Rc8 21. Rxc8+ Bxc8 22. Bc2 Qc7 23. Qd3 h6 24. Ne5 Bd7 25. Ng4 Nxg4 26. hxg4 g6 27. Nf3 Be8 28. Ne5 Kh7 29. Nf3 Kg8 30. Nh4 Nc4 31. Bc1 Be7 32. Nf3 Kg7 33. e4 dxe4 34. Qxe4 Kh7 35. g5 h5 36. Bf4 Qc8 37. Nh4 Nd6 38. Qd3 Nc4 39. Bc1 Nb6 40. Nf3 Nd5 41. Qd2 Qc4 42. Qd3 Qc7 43. Bd2 Bd6 44. Bb3 Bd7 45. Qc4 Qd8 46. Ne5 Be8 47. Qe2 Be7 48. Nf3 b6 49. Qc4 Kg8 50. Qc1 Bd6 51. Ne5 Qb8 52. Nf3 Bd7 53. Kf1 Bc8 54. Ne5 Kg7 55. f4 Bb7 56. g3 Qa8 57. Nc6 Qc8 58. Ne5 Qe8 59. Nc4 Bc7 60. Ne5 Bb8 61. Kf2 Ne7 62. Qc3 Nd5 63. Qc2 Bd6 64. Nc4 Qd7 65. Ne3 Ba8 66. Nxd5 exd5 67. Qd3 Bb7 68. Qf3 Qf5 69. Kg2 Ba3 70. Bc3 Bc1 71. Qe2 h4 72. Qe5+ Qxe5 73. fxe5 hxg3 74. Bd1 Bf4 75. Bf3 Bxg5 76. Kxg3 Be7 77. Kf2 Kh6 78. Bd2+ Bg5 79. Bc3 Bc1 80. Kg3 Kg5 81. Bg4 Bf4+ 82. Kf3 Bc1 83. Bd7 1/2-1/2

[Event "POL-chT 55th"]
[Site "Suwalki"]
[Date "1999.09.26"]
[Round "9"]
[White "Brustman, Agnieszka"]
[Black "Michna, Marta"]
[Result "0-1"]
[WhiteElo "2383"]
[BlackElo "2356"]
[PlyCount "94"]
[EventDate "1999.09.18"]
[EventType "team-tourn"]
[EventRounds "11"]
[EventCountry "POL"]
[SourceTitle "EXT 2019"]
[Source "ChessBase"]
[SourceDate "2018.10.10"]
[SourceVersion "1"]
[SourceVersionDate "2018.10.10"]
[SourceQuality "1"]
[WhiteTeam "Warszawa Polonia"]
[BlackTeam "Wroclaw Hetman"]
[WhiteTeamCountry "POL"]
[BlackTeamCountry "POL"]

1. e4 e6 2. d4 d5 3. Nc3 Nf6 4. e5 Nfd7 5. f4 c5 6. Nf3 Nc6 7. Be3 cxd4 8. Nxd4 Bc5 9. Qd2 Nxd4 10. Bxd4 0-0 11. 0-0-0 a6 12. h4 b5 13. Rh3 b4 14. Ne2 a5 15. g4 Ba6 16. g5 Bxe2 17. Bxe2 Qc7 18. Kb1 Rfc8 19. Rc1 a4 20. h5 a3 21. b3 Bxd4 22. Qxd4 Qc5 23. Qd2 Ra7 24. g6 fxg6 25. hxg6 hxg6 26. Bg4 Nf8 27. Rch1 Rac7 28. Bd1 Kf7 29. Rd3 Qe7 30. Qg2 Rc3 31. Rxc3 Rxc3 32. Qf2 Qc7 33. f5 gxf5 34. Bh5+ Kg8 35. Qh2 Qe7 36. Bd1 Qg5 37. Rg1 Qe3 38. Rh1 Qg3 39. Qh8+ Kf7 40. Bh5+ Ke7 41. Qg8 g6 42. Qg7+ Ke8 43. Be2 Rc5 44. Bd3 Qe3 45. Rd1 g5 46. c3 Qf3 47. Rd2 Qh1+ 0-1

[Event "MK Cafe Cup-B"]
[Site "Koszalin"]
[Date "1999.08.13"]
[Round "10"]
[White "Brustman, Agnieszka"]
[Black "Sokolowski, Roman"]
[Result "1-0"]
[WhiteElo "2383"]
[BlackElo "2255"]
[PlyCount "63"]
[EventDate "1999.08.03"]
[EventType "swiss"]
[EventRounds "10"]
[EventCountry "POL"]
[SourceTitle "EXT 2000"]
[Source "ChessBase"]
[SourceDate "1999.11.16"]
[SourceVersion "1"]
[SourceVersionDate "1999.11.16"]
[SourceQuality "1"]

1. e4 c5 2. Nf3 e6 3. d4 cxd4 4. Nxd4 Nc6 5. Nc3 Qc7 6. Be2 a6 7. 0-0 b5 8. Nxc6 Qxc6 9. Bf3 Bb7 10. Bf4 d6 11. Re1 Be7 12. Qd2 Rd8 13. a4 bxa4 14. Nxa4 h6 15. Re3 e5 16. Rc3 Qd7 17. Nb6 Qe6 18. Be3 Nf6 19. Nd5 Nxd5 20. exd5 Qd7 21. Be2 Ra8 22. Rb3 g5 23. Rba3 Qc8 24. Bb6 0-0 25. h4 gxh4 26. Qxh6 Qf5 27. Bd3 e4 28. Bd4 f6 29. Bxe4 Qxe4 30. Re3 Qxd5 31. Qg6+ Kh8 32. Rxe7 1-0

[Event "MK Cafe Cup-B"]
[Site "Koszalin"]
[Date "1999.08.08"]
[Round "6"]
[White "Brustman, Agnieszka"]
[Black "Kludacz, Magdalena"]
[Result "1/2-1/2"]
[WhiteElo "2383"]
[BlackElo "2217"]
[PlyCount "23"]
[EventDate "1999.08.03"]
[EventType "swiss"]
[EventRounds "10"]
[EventCountry "POL"]
[SourceTitle "EXT 2000"]
[Source "ChessBase"]
[SourceDate "1999.11.16"]
[SourceVersion "1"]
[SourceVersionDate "1999.11.16"]
[SourceQuality "1"]

1. e4 e5 2. Nf3 Nc6 3. Bb5 Nf6 4. 0-0 Nxe4 5. d4 Nd6 6. Bxc6 dxc6 7. dxe5 Nf5 8. Qxd8+ Kxd8 9. Nc3 Ke8 10. h3 Ne7 11. Ne4 Ng6 12. Re1 1/2-1/2